000 00355nam a2200145Ia 4500
008 230711s9999||||xx |||||||||||||| ||und||
041 _aENG
082 _a621.31042
_bBE-E
100 _aBerde,M.S
245 0 _aElectric Motor Drives
250 _a2nd Ed.
260 _c1997
_aNew Delhi
_bKhanna Publishers
650 _aMechanical Engineering
942 _cBK
999 _c3460
_d3460